Experiencias, Balance y Perspectivas de la Evaluacin̤ de los Programas del Programa Especial Concurrente...

Detalles Bibliográficos
Autor principal: Menňdez Gm̀iz, Carlos R.
Formato: eBook
Lenguaje:español
Publicado: Ciudad de Mx̌ico: Cm̀ara de Diputados, 2010
Materias:
Acceso en línea:Acceso restringido

MARC

LEADER 00000nam a22000007a 4500
005 2018033101091.0
007 cr|||| ||||
008 180331s2010 mx |||||s||||f00||0 spa d
020 |a 978-607-7919-14-8 
035 |a 21233 
040 |a vLex 
090 |c 7620  |d 7620 
100 1 |a Menňdez Gm̀iz, Carlos R. 
245 1 0 |a Experiencias, Balance y Perspectivas de la Evaluacin̤ de los Programas del Programa Especial Concurrente...  |h [Recurso electrn̤ico] /  |c Carlos R. Menňdez Gm̀iz 
256 |a Servicio en ln̕ea 
260 |a Ciudad de Mx̌ico:  |b Cm̀ara de Diputados,  |c 2010 
300 |a 1 recurso electrn̤ico 
500 |a para el Desarrollo Rural Sustentable. 
506 1 |a Disponible solo en los productos indicados  |d vLex Global  |d vLex Global (Academic Edition, excluding Law Schools)  |d vLex Global (U.S. Academic Edition, Law Schools)  |d vLex Global (U.S. Academic Edition, excluding Law Schools)  |d vLex Global (Academic Edition, Law Schools) 
650 0 4 |a Derecho Pb︢lico y Administrativo  |z Mx̌ico 
740 0 |a vLex Libros (Servicio en ln̕ea) 
856 4 0 |u http://vlex.com/source/experiencias-balance-perspectivas-evaluacion-programas-programa-especial-concurrente-21233  |z Acceso restringido 
942 |c BOOK 
999 0 |a Public and Administrative Law